Score 0/37 Timer 05:00
0 Plays Today
Clue 4-Letter Word % Correct
★★ The One Where Rachel Goes ____ to Work ★★●●BACK●●
92.4%
★★ The One Where Ross & Rachel ____ a Break●●TAKE●●
90.9%
Composer Johann Sebastian ____BACH
88.6%
★★ The One Where Ross ____ Flirt ★★●●CAN'T●●
88.5%
Ice cream holderCONE
87.5%
★★ The One Where Chandler Takes a ____ ★★●●BATH●●
87.5%
No ifs, ands, or ____BUTS
87.4%
Camping shelterTENT
87.3%
Batman's coatCAPE
87.3%
One U.S. pennyCENT
87.1%
Walking stickCANE
86.9%
★★ The One with the Mix ____ ★★●●TAPE●●
86.3%
Flying mammalsBATS
84.9%
★★ The One with the Worst ____ Man Ever ★★●●BEST●●
84.7%
★★ The One with the ____ Monica ★★●●FAKE●●
84.4%
★★ The One with the Fertility ____ ★★●●TEST●●
84.4%
Insects (informally)BUGS
84%
Front of the headFACE
83.5%
★★ The One with the ____ Car Bed ★★●●RACE●●
83.3%
Clue 4-Letter Word % Correct
Sculpture of a head and shouldersBUST
82%
★★ The One Where ____ Finds Out ★★●●ROSS●●
76.5%
★★ The One with the ____ ★★●●BUTT●●
76.5%
Soft drink brandCOKE
76.1%
Step of a ladderRUNG
75.6%
★★ The One Where Ross ____ Rachel ★★●●HUGS●●
73.5%
PigsHOGS
70.1%
★★ The One with the ____ ★★●●CAKE●●
69.7%
★★ The One with Phoebe's ____ ★★●●RATS●●
68.8%
Speed, paceRATE
65.8%
★★ The One with Mrs. ____ ★★●●BING●●
64.5%
★★ The One Where Phoebe ____ ★★●●RUNS●●
61.7%
★★ The One with the ____ ★★●●RING●●
61.3%
★★ The One Where Chandler Doesn't Like ____●●DOGS●●
57%
★★ The One with ____ ★★●●RUSS●●
56.7%
TV series: ____ and the FatmanJAKE
55.8%
★★ The One with the ____ ★★●●JOKE●●
52.5%
Sleep: ____ down (British)DOSS
45.2%

Today's Daily Dose

Remove Ads.
Support Sporcle.
Get the best of Sporcle when you Go Orange. This ad-free experience offers more features, more stats, and more fun while also helping to support Sporcle. Thank you for becoming a member.

You're not logged in!

Compare scores with friends on all Sporcle quizzes.
OR
Log In

Show Comments

Extras

Top Quizzes Today


Score Distribution

Your Account Isn't Verified!

In order to create a playlist on Sporcle, you need to verify the email address you used during registration. Go to your Sporcle Settings to finish the process.

Report this User

Report this user for behavior that violates our Community Guidelines.

Details: